000 01091cab a2200277 4500
001 ABS50207
008 090401t1994 xxu||||| |||| 00| 0 eng d
035 _a(Sirsi) u74609
041 _aeng
245 _aRe solarfilms (Sales) Ltd`s application
260 _c1994
350 _a0
490 _aProperty and Compensation Reports
_v(1994) 67 P&CR 110-119(10)
520 _aLT 1 September 1993. An application under Law of Property Act 1925 s84 for the modification of a restrictive covenant on a property to enable use as a children`s nursery was unsuccesful. Although the value of objectors` property would not be adversely affected by a neighbouring nursery, the residential character of the estate was to be preserved.
650 _aHOUSE PRICES
650 _aHOUSING ESTATES
650 _aLANCASHIRE
650 _aLAW OF PROPERTY ACT 1925 S84
650 _aMODIFICATION
650 _aNURSERIES
650 _aRESTRICTIVE COVENANTS
690 _aPLANNING LAW AND PRACTICE-CASE LAW
690 _aPROPERTY LAW AND PRACTICE-CASE LAW
942 _n0
948 _c04/03/1997
999 _c47019
_d47019